000 00943nam a22002417a 4500
005 20100901142117.0
006 a|||||r|||||00| 0
007 sd ammalaaahaa
008 100901t xxu||||| |||| 00| 0 eng d
028 _aRL.961
_bRegal
035 _aGR-96
040 _aSED
_cSED
100 _aAtma, C. H.
_917880
245 _aKaun nagar tera- Geet /
_cby C. H. Atma
_h[Sound recording] :
246 _aकौन नगर तेरा- गीत / द्वारा सी. एच. आत्मा
260 _aColumbia
_bRegal
300 _a1 sound disc [Gramophone Record] :
_banalog, 33 1/3 rpm
_c9.5 in. (MP)
_fGramophone Record
500 _aBrief record
505 _aSide-2 प्रियतम आन मिलो- गीत (Priyatam aan milo- Geet) (C. H. Atma)
650 _aClassical music
_xExcerpts
_zIndia
_917854
942 _2ddc
_cGR
999 _c43371
_d43371